'A'-nnoying Typing Challenge Quiz Stats

 Plays Quiz Updated Jan 11, 2019

Support Sporcle.
Go Orange.
Score 0/60 Timer 02:00
0 Plays Today
% Correct
am
99.8%
add
99.2%
bat
98.8%
arm
98.5%
tea
98.2%
ash
98%
awe
97.8%
farm
97.6%
wall
97.4%
came
97.3%
marry
97.1%
apple
97%
kayak
96.9%
balance
96.8%
actual
96.8%
aal
94.6%
aak
94.3%
haar
93.7%
vant
93.2%
baat
92.9%
qaaz
92.9%
claa
92.6%
gana
92.4%
pana
92.2%
aagar
91.8%
baach
91.5%
gaasa
91.1%
jangla
90.6%
waapan
90%
faravar
89.4%
% Correct
abada
86.8%
arata
86%
aaira
84.7%
ahaya
84%
aacea
82.6%
aammoa
81.4%
adataa
80%
ataxia
78.4%
allamaa
76.5%
amagmaa
74.2%
aarrowa
71.7%
adramaa
69.6%
aafraida
66.6%
adazzlea
63.8%
aparadea
61.1%
ccat
53.2%
ttag
51%
ark
46.7%
wwax
44%
ffact
41.7%
ggalla
37.5%
wrrap
34.8%
liiar
32.5%
ppandda
29.4%
ammaze
25.7%
shhape
23.6%
ggammma
20.2%
jjackkal
17.3%
kkarrate
14.5%
bbannanna
12.2%

You're not logged in!

Compare scores with friends on all Sporcle quizzes.
OR
Log In
Forgot?

From the Vault

Most AFC Championship Game Appearances

by mhershfield

Sports 90s
You might say they're champions of champion appearances.
Remove Ads.
Support Sporcle.
Get the best of Sporcle when you Go Orange. This ad-free experience offers more features, more stats, and more fun while also helping to support Sporcle. Thank you for becoming a member.

Show Comments

Extras

Top Quizzes Today


Score Distribution

Your Account Isn't Verified!

In order to create a playlist on Sporcle, you need to verify the email address you used during registration. Go to your Sporcle Settings to finish the process.

Report this User

Report this user for behavior that violates our Community Guidelines.

Details: